Estudio crítico de la jurisprudencia de los artículos 434 al 442 del código de procedimiento civil

Guardat en:
Dades bibliogràfiques
Autors principals: Dahm Guíñez, Tomás (Autor), Venegas Alhucema, Agustín (Autor)
Format: Llibre
Idioma:espanyol
Publicat: Santiago Jurídica 1964
Santiago Universidad de Chile 1964
Col·lecció:Seminario de Derecho Procesal, 1
Matèries:
Etiquetes: Afegir etiqueta
Sense etiquetes, Sigues el primer a etiquetar aquest registre!

MARC

LEADER 00000nam a2200000 a 4500
001 UCS0752
003 CL-VaPUC
008 970426e19640000cl |||||||||||||||||spa|d
082 0 4 |a 347.05  |b DAH  |2 21 
100 0 |a Dahm Guíñez, Tomás  |e author  |9 384601 
700 0 |a Venegas Alhucema, Agustín  |e author  |9 384602 
245 1 0 |a Estudio crítico de la jurisprudencia de los artículos 434 al 442 del código de procedimiento civil 
300 |a 183 p 
942 |c BK 
945 |d 19970426 00:00:00  |a lriquelm 
260 |a Santiago  |b Jurídica  |c 1964 
260 |a Santiago  |b Universidad de Chile  |c 1964 
650 0 |a Códigos  |9 352314 
650 0 |a Procedimiento civil  |9 254870 
650 0 |a Hermenéutica jurídica   |9 380798 
650 0 |a Juicio ejecutivo  |9 254866 
583 |a last modification  |c 20171116 04:37:33  |k Rodrigo Vera 
490 0 |a Seminario de Derecho Procesal, 1 
999 |c 258967  |d 258965 
952 |0 0  |1 0  |4 0  |6 347_050000000000000_DAH_1964_1964  |7 0  |8 A  |9 283416  |a BIBDER  |b BIBDER  |d 2019-11-19  |i 1835866  |o 347.05 DAH 1964 1964  |p 1835866  |r 2023-01-25  |w 2019-11-19  |y BK  |k DER